000 00440nam a2200181Ia 4500
001 20302
005 20260306172756.0
008 260306t2005||||xx |||||||||||||| ||spa||
041 _aESP
082 _a343.1
_bQ77
100 _aQuispe Correa, Alfredo, 1936-
_eAUT
245 0 _aLa infracción constitucional
260 _c2005
300 _axi, 140 páginas :
_c21 cm.
650 _aGEN
654 _aCDE
942 _cLIB
_dJUS
_fJUS
_2ddc
_n
999 _c20302
_d20302